00653nam a2200181 a 450000100100000000500170001000800410002704000250006808200150009310000290010824500790013726000360021630000210025250000420027359000260031595201130034199900170045400004002820201002033856.0130802r1966 ag r 000 0 spa d aDO-SdBNPbspacBNPHU axxxxbxxxx1 aRosarios, Ottocar96626910aAmérica Latina :bVeinte repúblicas, una nación /cOttocar Rosarios. aBuenos Aires :bEmecé,c1966. a278 p. ;c18 cm. aIncluye notas al pie de las páginas aInventariado, 2019/BT 001050718MOaGRbGRcHDd2013-08-02iLF1l0oxxxx xxxxp40028-10r2020-06-25w2020-06-25y1ZNo se presta c39518d39518